Colombia: la amnistía y los militares
Đã lưu trong:
| Định dạng: | Texto |
|---|---|
| Những chủ đề: | |
| Các nhãn: |
Thêm thẻ
Không có thẻ, Là người đầu tiên thẻ bản ghi này!
|
MARC
| LEADER | 00000 a a2200000 04500 | ||
|---|---|---|---|
| 001 | 42655 | ||
| 003 | |||
| 040 | |||
| 245 | |a Colombia: |b la amnistía y los militares | ||
| 650 | |a AMNISTIA | ||
| 650 | |a MILITARISMO | ||
| 650 | |a POLITICA | ||
| 650 | |a ABSTENCIONISMO ELECTORAL | ||
| 650 | |a LIBERALISMO | ||
| 650 | |a CONSERVATISMO | ||
| 650 | |a CAPITALISMO | ||
| 650 | |a COLOMBIA | ||
| 773 | |g volumen5, número1 (1981)Página: 1 | ||
| 999 | |c 27885 |d 27885 | ||
| 773 | 0 | |0 42391 |9 3858 |a Agencia Latinoamericana de Información, ALAI |d Quito, Ecuador: ALAI |o 04426 |t ALAI: |x 08275564 (Servicio mensual de información y documentación) | |
